New York (Record no. 38688)

MARC details
000 -LEADER
fixed length control field 00398nam a2200157Ia 4500
022 ## - INTERNATIONAL STANDARD SERIAL NUMBER
ISSN R 11 .F36/
050 ## - CALL MARK
Classification number The Journal of family practice.
245 #0 - TITLE STATEMENT
Title New York
260 ## - PUBLICATION, DISTRIBUTION, ETC. (IMPRINT)
Place of publication Dowden Health Media
260 ## - PUBLICATION, DISTRIBUTION, ETC. (IMPRINT)
Name of publisher 2020
260 ## - PUBLICATION, DISTRIBUTION, ETC. (IMPRINT)
Year of publication 189 p. :ill. ; 27 cm.
300 ## - PHYSICAL DESCRIPTION
Number of Pages Family medicine--Periodicals.
650 ## - SUBJECT ADDED ENTRY--TOPICAL TERM
Topical Term SR

No items available.